Click Territorial Claims of Antarctica on a Map - Statistics

General Stats
  • This quiz has been taken 65 times
  • The average score is 5 of 7
Answers on the Map
Answers color-coded by a green-red scale on the quiz's map according to % correct below.
 
Answer Stats
Answer % Correct
Australia
90%
Chile
74%
Norway
74%
Argentina
69%
New Zealand
62%
United Kingdom
60%
France
52%
No matching quizzes found
Score Distribution
Percent of People with Each Score
Percentile by Number Answered
Your Score History
You have not taken this quiz